LEADER 03299nam1 22005893i 450 001 RAV0152172 005 20231121125635.0 100 $a20050909g1924 ||||0itac50 ba 101 | $aita$clat 102 $ait 181 1$6z01$ai $bxxxe 182 1$6z01$an 200 1 $a˜Le œcommedie$fAristofane$gcon incisioni di A. De Carolis 210 $aBologna$cNicola Zanichelli editore$d1924- 215 $a5 volumi$cill.$d21 cm 225 | $a˜I œpoeti greci tradotti da Ettore Romagnoli 300 $aTraduzione di Ettore Romagnoli 410 0$1001RAV0106526$12001 $a˜I œpoeti greci tradotti da Ettore Romagnoli$1702 1$aRomagnoli$b, Ettore$f <1871-1938>$3CFIV037503 463 1$1001AQ10079034$12001 $a˜3: La œpace$aGli uccelli$fAristofane$v3 463 1$1001BRI0127528$12001 $a˜1: Gli œacarnesi$aI cavalieri$fAristofane$v1 463 1$1001FER0175381$12001 $a˜1: Gli œacarnesi$aI cavalieri$fAristofane$v1 463 1$1001FER0175383$12001 $a˜2: Le œnuvole$aI calabroni$fAristofane$v2 463 1$1001MIL0361532$12001 $a˜4: œLisistrata$aLa festa di Demetra$fAristofane$v4 463 1$1001MIL0361557$12001 $a˜2: Le œnuvole$aI calabroni$fAristofane$v2 463 1$1001MIL0361560$12001 $a˜3: La œpace$aGli uccelli$fAristofane$v3 463 1$1001MIL0361563$12001 $a˜5: Le œrane$aLe donne a parlamento$aPluto$fAristofane$v5 463 1$1001PUV0421510$12001 $a˜1: Gli œacarnesi$aI *cavalieri$fAristofane$gcon incisioni di A. De Carolis$v1 463 1$1001PUV0421516$12001 $a˜4: œLisistrata$aLa festa di Demetra$fAristofane$gcon incisioni di A. De Carolis$v4 463 1$1001PUV0421517$12001 $a˜5: Le œrane$aLe donne a parlamento$aPluto$fAristofane$gcon incisioni di A. De Carolis$v5 463 1$1001RAV0152235$12001 $a˜2: Le œnuvole$aI calabroni$fAristofane$gcon incisioni di A. De Carolis$v2 463 1$1001RML0444271$12001 $a˜5: Le œrane$aLe donne a parlamento$aPluto$fAristofane$v5 463 1$1001TO01472270$12001 $a˜2: Le œnuvole$aI calabroni$fAristofane$gcon incisioni di A. De Carolis$v2 500 10$aComoediae$3PUV0421503$9CFIV018870$93615707 676 $a882.01$9Dramma e poesia drammatica in greco classico. Origini-499.$v21 700 0$aAristophanes$3CFIV018870$4070$0602827 702 1$aRomagnoli$b, Ettore$f <1871-1938>$3CFIV037503$4730 702 1$aDe Carolis$b, Adolfo$3RAVV016644$4440 790 0$aAristofane$3CFIV018871$zAristophanes 790 0$aAristofan?s$3CFIV316949$zAristophanes 790 1$aDe Karolis$b, Adolfo$3CFIV201549$zDe Carolis, Adolfo 801 3$aIT$bIT-01$c20050909 850 $aIT-RM0418 $aIT-RM0319 $aIT-FR0084 $aIT-FR0017 899 $aBIBLIOTECA ACCADEMIA NAZ. DEI LINCEI E CORSINIANA$bRM0418 899 $aBiblioteca dello Stato Maggiore dell' Aeronautica$bRM0319 899 $aBiblioteca Del Monumento Nazionale Di Montecassino$bFR0084 899 $aBiblioteca umanistica Giorgio Aprea$bFR0017 912 $aRAV0152172 950 1$aBiblioteca umanistica Giorgio Aprea$d 52DFV A 429.1$d 52DFV A 429.2$d 52DFV A 429.3$d 52DFV A 429.4$d 52DFV A 429.5 967 $m14 977 $a 10$a 22$a 25$a 52 996 $aComoediae$93615707 997 $aUNICAS